000 005130000a22001810004500
003 MACL
005 20160312154216.0
008 160312b xxu||||| |||| 00| 0 eng d
040 _aMACL
_cMACL
041 _aHindi
082 _a891.433
100 _aत्रिवेदी क्रांति
_945456
245 _aअनुलंधय
260 _bसाहित्‍य सहकार
_c1985
_aनई दिल्‍ली
350 _a30
650 _aNovel
_945457
942 _cHIN
_k891.433
_2ddc
999 _c28657
_d28657